Pilotes de Formule 2 - 2022 - Statistiques

Statistiques générales
  • Ce quiz a été pris 162 fois
    121 depuis la dernière actualisation
  • Le résultat moyen est 10 sur 30
Statistiques - réponses
Hint Réponse % Correct
Art GP (Sauber) Théo Pourchaire
87%
Art GP (Mercedes) Frederik Vesti
56%
Prema Racing (Red Bull) Dennis Hauger
55%
MP Motorsport Felipe Drugovich
55%
Carlin (Williams) Logan Sargeant
55%
Virtuosi Racing (Alpine) Jack Doohan
54%
Carlin (Red Bull) Liam Lawson
54%
DAMS (Red Bull) Ayumu Iwasa
49%
Prema Racing (Red Bull) Jehan Daruvala
47%
MP Motorsport Clément Novalak
46%
Trident Richard Verschoor
44%
Charouz Racing System Enzo Fittipaldi
40%
Van Amersfoort Racing Amaury Cordeel
35%
Campos Racing Ralph Boschung
35%
Hitech GP (Red Bull) Jüri Vips
34%
DAMS Roy Nissany
33%
Hitech GP Marcus Armstrong
27%
Van Amersfoort Racing Juan Manuel Correa
26%
DAMS Luca Ghiotto
21%
Virtuosi Racing Marino Sato
21%
Campos Racing (Alpine) Oliver Caldwell
20%
Charouz Racing System Tatiana Calderón
19%
Trident Zane Maloney
19%
Charouz Racing System David Beckmann
16%
Van Amersfoort Racing David Beckmann
16%
Van Amersfoort Racing Jake Hughes
16%
Campos Racing Roberto Merhi
15%
Trident Calan Williams
14%
Charouz Racing System Cem Bölükbaşı
12%
Campos Racing Lirim Zendeli
12%
Aucun quiz correspondant
Distribution des résultats
% des personnes avec chaque résultat
Percentile par nombre de réponses
Votre historique - résultats
Vous n’avez pas pris ce quiz depuis la dernière actualisation